| 000 | 00657nam a2200229Ia 4500 | ||
|---|---|---|---|
| 003 | GCL | ||
| 008 | 140319s9999 xx 000 0 aFre d | ||
| 020 | _a185715066X | ||
| 040 |
_aGCL / _cGCL |
||
| 082 | 0 | 4 |
_a891.7 _bB M |
| 100 | 1 | _aBULGAKOV, MIKHAIL | |
| 245 | 1 | 0 |
_aTHE MASTER AND MARGARITA / _cBULGAKOV, MIKHAIL |
| 700 | 1 | _aFRANKLIN, SIMON | |
| 700 | 1 | _aGLENNY, MICHAEL | |
| 260 |
_aانجلترا : _bEVERYMAN'S LIBRARY ، _c1992 |
||
| 300 |
_a21 CM ؛ _cXXIX, 446 P |
||
| 490 |
_aTHE MILLENNIUM LIBRARY _v66 |
||
| 650 | 0 | 4 | _aLITERATURE |
| 650 | 0 | 4 | _aRUSSIAN LITERATURE - TRANSLATION INTO ENGLISH |
| 650 | 0 | 4 | _aRUSSIAN FICTION |
| 942 |
_2ddc _cBK |
||
| 999 |
_c5886 _d5886 |
||